| 000 | 00430 a2200169 4500 | ||
|---|---|---|---|
| 001 | 068205 | ||
| 003 | OSt | ||
| 005 | 20220128142123.0 | ||
| 008 | |||
| 082 |
_a368.01 _bP94F |
||
| 100 | 1 | _aPromislow, S. David | |
| 245 | 1 |
_aFundamental of actuarial mathematics _cby S. David Promislow |
|
| 260 |
_aIndia _bWiley _c2009 |
||
| 300 | _a372p. | ||
| 653 | _aActuarial mathematics | ||
| 942 |
_2ddc _cBK |
||
| 999 |
_c1938 _d1938 |
||